| 000 | 00462nam a2200157Ia 4500 | ||
|---|---|---|---|
| 008 | 170221s9999 xx 000 0 und d | ||
| 100 | _aIpek Halim | ||
| 245 | _aAnalysing the Effectiveness of the Personality Symbols/Icons Ipek Halim | ||
| 245 | _cIpek Halim | ||
| 260 | _bOnline Journal of Communication and Media Technologies | ||
| 260 | _c2012 | ||
| 300 | _a2 : 3 | ||
| 650 | _xCommunication | ||
| 650 | _xMedia Arts | ||
| 856 | _uhttp://www.ojcmt.net/ | ||
| 999 |
_c307298 _d307298 |
||